000 00717nam a2200241 i 4500
001 C2-0179056
003 PPAK
005 20180728094823.0
008 981003s1995 my a|||| ||||| | may d
020 _a9836244670
040 _aPPAK
_beng
_cPPAK
_erda
082 0 4 _a701.1809595
_2 23
090 0 0 _a701.1809595
_bMUL
_dG
100 0 _aMuliyadi Mahamood,
_eauthor
245 1 0 _aSeni lukis dalam peristiwa
264 1 _aKuala Lumpur :
_bDewan Bahasa dan Pustaka ,
_c1995
300 _ax, 204 pages :
_bcolour illustrations ;
_c22 cm
336 _2rdacontent
_atext
337 _2rdamedia
_aunmediated
338 _2rdacarrier
_avolume
650 1 0 _aArt, Malaysian - Malaysia ; Humanism in art
942 _ddc
_cB
999 _c155585
_d155585